000 00322nam a2200133Ia 4500
005 20260328104325.0
008 260328s9999||||xx |||||||||||||| ||und||
100 _aMercier, Eve
245 0 _aL¨INde le Nepal et Sri Lanka /
_cEve Mercier
260 _bLarousse
300 _a79 p.
650 _aSiri Lanka
942 _cBK
999 _c11472
_d11472